书目信息 |
| 题名: |
全国总书目
|
|
| 作者: | ;文化部出版事业管理局版本图书馆 编 | |
| 分册: | 1960 | |
| 出版信息: | 北京 中华书局 1961 |
|
| 页数: | 709页 | |
| 开本: | 22cm | |
| 丛书名: | ||
| 单 册: | ||
| 中图分类: | Z812.1 | |
| 科图分类: | ||
| 主题词: | 国家书目 | |
| 电子资源: | ||
| ISBN: | ||
| 000 | 00645nam0 2200193 45 | |
| 001 | 0181015501 | |
| 005 | 20060820151735.31 | |
| 010 | @b精装@dCNY5.00 | |
| 100 | @a20810111d1961 km y0chiy0120 ea | |
| 101 | 0 | @achi |
| 200 | 1 | @a全国总书目@Aquan guo zong shu mu@h1960@f文化部出版事业管理局版本图书馆编@Fwen hua bu chu ban shi ye guan li ju ban ben tu shu guan bian |
| 210 | @a北京@c中华书局@d1961 | |
| 215 | @a709页@d22cm | |
| 300 | @a内部发行 | |
| 606 | 0 | @a国家书目 |
| 690 | @aZ812.1 | |
| 711 | 0 | @a文化部出版事业管理局版本图书馆@Awen hua bu chu ban shi ye guan li ju ban ben tu shu guan@4编 |
| 801 | @aCN@bTSTC@c20060820 | |
| 905 | @dZ812.1@e1960 | |
| 全国总书目.1960/文化部出版事业管理局版本图书馆编.-北京:中华书局,1961 |
| 709页;22cm |
| 内部发行 |
| ISBN (精装):CNY5.00 |
| ● |
| 相关链接 |
|
|
|
|
正题名:全国总书目
索取号:Z812.1/1960
 
预约/预借
| 序号 | 登录号 | 条形码 | 馆藏地/架位号 | 状态 | 备注 |
| 1 | 0467210 | 204672103 | 密集书库/ [索取号:Z812.1/1960] | 在馆 |